Cost model (Record no. 79350)

MARC details
000 -LEADER
fixed length control field 00917cap a22002175a 4500
001 - CONTROL NUMBER
control field L140809
008 - FIXED-LENGTH DATA ELEMENTS--GENERAL INFORMATION
fixed length control field 071012e20071005xxkad f s 000 0 eng d
035 ## - SYSTEM CONTROL NUMBER
System control number (Sirsi) u140809
041 0# - LANGUAGE CODE
Language code of text/sound track or separate title eng
100 1# - MAIN ENTRY--PERSONAL NAME
Personal name Rawlinson, Simon
245 00 - TITLE STATEMENT
Title Cost model
Remainder of title student residences
260 ## - PUBLICATION, DISTRIBUTION, ETC.
Date of publication, distribution, etc. 2007
490 #0 - SERIES STATEMENT
Series statement Building
Volume/sequential designation 272(8501) 5 October 2007, 68-73(6)
520 ## - SUMMARY, ETC.
Summary, etc. Explores the new-build student residence market. Identifies key factors in successful student housing; cost drivers and trends in procurement and construction. Includes a cost model breakdown for a large four-story block providing three hundred and ten study bedrooms arranged in groups of ten around communal space.
590 ## - LOCAL NOTE (RLIN)
Local note ka
651 #4 - SUBJECT ADDED ENTRY--GEOGRAPHIC NAME
Geographic name United Kingdom
Chronological subdivision
690 ## - LOCAL SUBJECT ADDED ENTRY--TOPICAL TERM (OCLC, RLIN)
Topical term or geographic name as entry element PROPERTY-RESIDENTIAL PROPERTY-COMMUNAL RESIDENTIAL
690 ## - LOCAL SUBJECT ADDED ENTRY--TOPICAL TERM (OCLC, RLIN)
Topical term or geographic name as entry element PROPERTY-RESIDENTIAL PROPERTY-RESIDENTIAL PROPERTY MARKET
700 1# - ADDED ENTRY--PERSONAL NAME
Personal name Langdon, Davis
942 ## - ADDED ENTRY ELEMENTS (KOHA)
Suppress in OPAC 0
Holdings
Withdrawn status Lost status Source of classification or shelving scheme Damaged status Not for loan Home library Current library Shelving location Date acquired Total Checkouts Full call number Barcode Date last seen Copy number Price effective from Koha item type
    Dewey Decimal Classification     London London Journal article 12/10/2007   L140809 140809-1001 06/08/2019 1 06/08/2019 Journal article